Building a bright future on the web (Record no. 63394)

MARC details
000 -LEADER
fixed length control field 00741cam a2200193 4500
001 - CONTROL NUMBER
control field WB3618-28
008 - FIXED-LENGTH DATA ELEMENTS--GENERAL INFORMATION
fixed length control field 000000n2000 000 0 eng u
035 ## - SYSTEM CONTROL NUMBER
System control number (Sirsi) u105867
245 ## - TITLE STATEMENT
Title Building a bright future on the web
260 ## - PUBLICATION, DISTRIBUTION, ETC.
Date of publication, distribution, etc. 2000
490 ## - SERIES STATEMENT
Series statement Sunday Business
Volume/sequential designation 7 May 2000, 17(1)
520 ## - SUMMARY, ETC.
Summary, etc. Morgan Stanley has pinpointed the construction industry as one of six sectors set to gain the most from e-commerce. Business-to-business sites have the potential to save billions through simplifying buying. Lists e-construction sites.
590 ## - LOCAL NOTE (RLIN)
Local note WB
650 ## - SUBJECT ADDED ENTRY--TOPICAL TERM
Topical term or geographic name entry element CONSTRUCTION INDUSTRY
650 ## - SUBJECT ADDED ENTRY--TOPICAL TERM
Topical term or geographic name entry element E-COMMERCE
650 ## - SUBJECT ADDED ENTRY--TOPICAL TERM
Topical term or geographic name entry element BUILT ENVIRONMENT-BUILDING MATERIALS
690 ## - LOCAL SUBJECT ADDED ENTRY--TOPICAL TERM (OCLC, RLIN)
Topical term or geographic name as entry element INFORMATION TECHNOLOGY-INTERNET
942 ## - ADDED ENTRY ELEMENTS (KOHA)
Suppress in OPAC 0
Holdings
Withdrawn status Lost status Source of classification or shelving scheme Damaged status Not for loan Home library Current library Shelving location Date acquired Total Checkouts Full call number Barcode Date last seen Copy number Price effective from Koha item type
    Dewey Decimal Classification     London London News article 09/05/2000   WB3618-28 105867-1001 06/08/2019 1 06/08/2019 News article